| 000 | 00531cam a22001337a 4500 | ||
|---|---|---|---|
| 008 | 180718b1958 xxu||||| |||| 00| 0 eng d | ||
| 082 | _aT471 x73 Am88 | ||
| 245 |
_aSome quantitative aspects of stock trading on the leading U.S. stock exchanges: twenty - five years of developement, 1930-54 _cby Amsterdam Univ. foundation for economic Research |
||
| 260 |
_aLeiden _bKroese _c1958 |
||
| 300 | _aviii,125,(37)p. | ||
| 650 | _aStock Exchange - USA | ||
| 650 | _aStock - USA | ||
| 700 | _aAmsterdam Unvi foundation for economic research | ||
| 999 |
_c358153 _d358153 |
||